=LDR 00000nam 2200000 4500 =001 INLIS000000000041878 =005 20130612151402 =008 ***********************************Ind** =035 ##$$0010-061300000041878 =041 ##$$a Ind =082 ##$$a 026.16 =090 ##$$a 026, Pel p =245 ##$$a Pelangi informasi dalam kepungan buku vol.XIX No.1 tahun 2012 =260 ##$$a 2012 $b Jakarta =300 ##$$a xii, 132 hlm., 28 cm =650 ##$$a Perpustakaan Kliping =850 ##$$a NBPNMAT